Sports Quiz

Random Sports or NFL Quiz
Score 0/32 Timer 06:00
0 Plays Today
Team Name % Correct
Indianapolis ColtsPeyton Manning
98.1%
New York GiantsEli Manning
98.1%
Green Bay PackersAaron Rodgers
97.6%
New England PatriotsTom Brady
97.1%
Chicago BearsJay Cutler
95.7%
Philadelphia EaglesDonovan Mcnabb
95.2%
Baltimore RavensJoe Flacco
95.2%
Minnesota VikingsBrett Favre
95.2%
New Orleans SaintsDrew Brees
95.2%
San Francisco 49ersAlex Smith
95.2%
Atlanta FalconsMatt Ryan
94.7%
Dallas CowboysTony Romo
94.2%
Cinncinatti BengalsCarson Palmer
94.2%
San Diego ChargersPhilip Rivers
94.2%
Detroit LionsMatt Stafford
93.7%
Pittsburgh SteelersBen Roethlisberger
93.2%
Team Name % Correct
New York JetsMark Sanchez
93.2%
Arizona CardinalsKurt Warner
93.2%
Carolina PanthersJake Delhomme
92.3%
Tennesee TitansVince Young
90.8%
Denver BroncosKyle Orton
89.9%
Jacksonville JaguarsDavid Garrard
89.9%
Kansas City ChiefsMatt Cassel
88.4%
Tampa Bay BucaneersJosh Freeman
88.4%
Oakland RaidersJamarcus Russell
87.9%
Washington RedskinsJason Campbell
87.4%
Miami DolphinsChad Henne
86.5%
St. Louis RamsMarc Bulger
86.5%
Cleveland BrownsBrady Quinn
79.2%
Buffalo BillsRyan Fitzpatrick
78.3%
Seattle SeahawksMatt Hasselbeck
69.6%
Houston TexansMatt Schaub
63.3%
Remove Ads.
Support Sporcle.
Get the best of Sporcle when you Go Orange. This ad-free experience offers more features, more stats, and more fun while also helping to support Sporcle. Thank you for becoming a member.

You're not logged in!

Compare scores with friends on all Sporcle quizzes.
OR
Log In

Show Comments

Extras

Top Quizzes Today


Score Distribution

Your Account Isn't Verified!

In order to create a playlist on Sporcle, you need to verify the email address you used during registration. Go to your Sporcle Settings to finish the process.

Report this User

Report this user for behavior that violates our Community Guidelines.

Details: